header

Fictive theories (Record no. 217771)

MARC details
000 -LEADER
fixed length control field 01354nam a2200349Ia 4500
082 04 - DEWEY DECIMAL CLASSIFICATION NUMBER
Classification number 321/.07
100 1# - MAIN ENTRY--AUTHOR NAME
Personal name McManus, Susan.
245 10 - TITLE STATEMENT
Title Fictive theories
250 ## - EDITION STATEMENT
Edition statement 1st ed.
260 ## - PUBLICATION, DISTRIBUTION, ETC. (IMPRINT)
Place of publication New York :
Name of publisher Palgrave Macmillan,
Year of publication 2005.
300 ## - PHYSICAL DESCRIPTION
Number of Pages 227 p.
490 1# - SERIES STATEMENT
Series statement Studies in European culture and history
650 #0 - SUBJECT ADDED ENTRY--TOPICAL TERM
Topical Term Political science
Topical Term Social epistemology.
856 40 - ELECTRONIC LOCATION AND ACCESS
Uniform Resource Identifier http://site.ebrary.com/lib/rucke/Doc?id=10118439

No items available.

© 2026 Rongo University
Contact us: librarian | system librarian | Rongo university